Indiana Jones Geography Quiz Stats

 Plays Quiz Updated Sep 20, 2012

Also try: Forty Fords
Challenge
Share
Tweet
Embed
Score 0/16 Timer 03:00
0 Plays Today
Film Country % Correct
Raiders of the Lost Ark (1981)United States
95.5%
Indiana Jones and the Last Crusade (1989)United States
95.5%
Indiana Jones and the Kingdom of the Crystal Skull (2008)United States
95.5%
Raiders of the Lost Ark (1981)Egypt
87.3%
Indiana Jones and the Last Crusade (1989)Germany
86.7%
Indiana Jones and the Temple of Doom (1984)India
86.1%
Indiana Jones and the Temple of Doom (1984)China
81.3%
Indiana Jones and the Last Crusade (1989)Italy
69.5%
Film Country % Correct
Indiana Jones and the Kingdom of the Crystal Skull (2008)Brazil
67%
Indiana Jones and the Kingdom of the Crystal Skull (2008)Peru
60.1%
Raiders of the Lost Ark (1981)Peru
60.1%
Indiana Jones and the Last Crusade (1989)Austria
46.3%
Raiders of the Lost Ark (1981)Nepal
45.6%
Indiana Jones and the Last Crusade (1989)Turkey
44.5%
Raiders of the Lost Ark (1981)Greece
36.1%
Indiana Jones and the Last Crusade (1989)Portugal
20.3%

You're not logged in!

Compare scores with friends on all Sporcle quizzes.
Join for Free
OR
Log In

You Might Also Like...

Show Comments

Extras

Top Quizzes Today


Score Distribution

Your Account Isn't Verified!

In order to create a playlist on Sporcle, you need to verify the email address you used during registration. Go to your Sporcle Settings to finish the process.

Report this User

Report this user for behavior that violates our Community Guidelines.

Details: